000 00288 a2200145 4500
001 177544
020 _a
040 _cMagnum
100 _aGrafalco
240 1 0 _aLos tres cerditos
_lESP
245 1 0 _aLos tres cerditos
362 0 _a1899
697 _aMAGNITO: I/CONTO
942 _cBK
999 _c177544
_d177544